How to Teach: Migration and Migration Policy in the EU
Na minha lista:
| Autor principal: | |
|---|---|
| Outros Autores: | , |
| Formato: | Livro |
| Idioma: | inglês |
| Publicado em: |
Trnava
University of Saints Cyril and Methodius in Trnava. Faculty of Social Sciences.
2018
|
| Edição: | 1st Edition |
| Assuntos: | |
| Tags: |
Sem tags, seja o primeiro a adicionar uma tag!
|
MARC
| LEADER | 00000nam a2200000 4500 | ||
|---|---|---|---|
| 001 | 0252997 | ||
| 005 | 20240221112816.2 | ||
| 020 | |a 978-80-8105-947-6 | ||
| 041 | 0 | |a eng | |
| 044 | |a SK | ||
| 245 | 1 | 0 | |a How to Teach: Migration and Migration Policy in the EU |c Valeriu Mosneaga, Ondřej Filipec, Jaroslav Mihalik |
| 250 | |a 1st Edition | ||
| 264 | 1 | |a Trnava |b University of Saints Cyril and Methodius in Trnava. Faculty of Social Sciences. |c 2018 | |
| 300 | |a 39 s. | ||
| 610 | 2 | 0 | |a migrácia |
| 610 | 2 | 0 | |a politika migračná |
| 610 | 2 | 0 | |a utečenci |
| 610 | 2 | 0 | |a mládež |
| 610 | 2 | 0 | |a komunikácia |
| 610 | 2 | 0 | |a integrácia |
| 610 | 2 | 0 | |a vzdelávanie |
| 100 | 1 | |a Mosneaga, Valeriu | |
| 700 | 1 | |a Filipec, Ondřej | |
| 700 | 1 | |a Mihalik, Jaroslav | |